000 00837nam a2200265Ia 4500
003 OSt
005 20221005071314.0
006 a|||||r|||| 00| 0
007 ta
008 221004b |||||||| |||| 00| 0 eng d
020 _a8173051283
_c1500
024 _a83027
037 _b9349, 30/03/2005, Aryan Books International
_cTextual
040 _aCRL
_cCRL
_beng
041 _2eng
_aeng
082 _aV281:71.N, N7
100 _aMani B. R.
245 0 _aDelhi
_b Threshold of the orient (Studies in archaeological investigations)
260 _aNew Delhi
_bAryan Books International India
_c1997
300 _a141p.
_ccm.
650 _a HISTORY
650 _aARCHEOLOGY - DELHI
_9586029
942 _hV281:71.N, N7
_cTEXL
_2cc
999 _c977634
_d977634